000 00480nam a2200181Ia 4500
001 20960
005 20260306172844.0
008 260306t2000||||xx |||||||||||||| ||spa||
041 _aESP
082 _a343.81L
_bL55
100 _aMorán Ortega, Tomás A. (comp.)
_eAUT
245 0 _aLegislación sobre instituciones del sistema financiero y de seguros
260 _c2000
300 _a611 páginas :
_c20 cm.
650 _aGEN
654 _aCCO
942 _cLIB
_dJUS
_fJUS
_2ddc
_n
999 _c20960
_d20960